000 02134cam a22005054i 4500
003 PE-LiUPU
005 20250731173111.0
008 181219s2018 inu r 000 0 eng d
020 _a1973629941
020 _a9781973629948
035 _a(Sirsi) a251106
040 _aPE-LiUPU
_bspa
_cPE-LiUPU
_erda
049 _aPRUA
082 0 4 _a231.7652
_bS79
_223
100 1 _aStrauss, Michael G.,
_eautor.
245 1 4 _aThe creator revealed :
_ba physcist examines the big bang and the bible /
_cMichael G. Strauss.
264 1 _aBloomington :
_bWestBow Press,
_c2018.
300 _a144 páginas ;
_c22 centímetros
336 _atext
_2rdacontent
337 _aunmediated
_2rdamedia
338 _avolume
_2rdacarrier
505 0 _aThe Bing bang reveals god's character -- The big bang -- How do you Know? -- The transcendent creator -- Design in the universe -- A plan for humans -- The garden of Eden -- Characteristics of the creator -- Biblical decimal -- Mistakes of the past -- Rules of the games -- The days of Genesis -- As God sees it -- The order of creation -- Sin, death, and the future -- Truth changes lives -- The truth shall set your free -- with all your mind -- No God or know God.
526 _aSEG42
526 _aSEG41
526 _aSEG40
526 _aSEG39
526 _aP94
526 _aP87
526 _aP86
526 _aP85
526 _aP77
526 _aP76
526 _aP35
650 4 _aCreacion
650 4 _aDios
_93786
650 4 _aReligion y cicencia.
650 4 _aVida y Ciencia.
910 _adbm
_brri
_crri
_d20181219
942 _2ddc
_cBOOK
994 _aC0
_bPEPRU
596 _a1
999 _a231.7652 S79
_wDEWEY
_c30555
_i79373
_d30555
_f2021-11-9
_g5
_lCCODEBUL1
_mBUL
_p10.00
_q1
_r0
_sY
_tBOOK
_u2018-12-19
_xTEOLOGIA
_PP85
_0COMPRA
_1FCOMPR2
_o.STAFF. Colección Teología
999 _a231.7652 S79
_wDEWEY
_c2
_i79374
_f2021-11-9
_g5
_lCCODEBUL1
_mBUL
_p10.00
_r0
_sY
_tBOOK
_u2018-12-19
_xTEOLOGIA
_PP85
_0COMPRA
_1FCOMPR2
_o.STAFF. Colección Teología
980 _81
_gALBERTO SANCHEZ Responsable de Automatización